| 000 | 01232nam a2200337Ia 4500 | ||
|---|---|---|---|
| 001 | dia_5381 | ||
| 003 | CHAP | ||
| 005 | 20240119125741.0 | ||
| 007 | ta | ||
| 008 | 220117s1985 mx a fr 001 0 spa d | ||
| 040 |
_cCHAP _amxchpua |
||
| 090 |
_aT.C.35 _bL53 IA _c1985 |
||
| 245 | 1 | 0 |
_aInvestigación de campo el la región central de Veracruz / _ccoordinador Atenógenes L. Licona V. ; colaboradores Gabriel Espinoza Velázquez...[et al.] |
| 260 |
_aMéxico : _bEl autor, _c1985 |
||
| 300 |
_acerca 100 hojas : _bilustraciones, diagramas, tablas |
||
| 336 |
_2rdacontent _atexto _btxt |
||
| 337 |
_2rdamedia _asin medio _bn |
||
| 338 |
_2rdacarrier _avolumen _bnc |
||
| 500 | _a4° año | ||
| 502 |
_aViaje de estudios _b(IA) -- _cUACh. Departamento de Ingeniería Agroindustrial, _d1985 |
||
| 650 | 1 | 3 |
_aIndustrias agrícolas _9158322 _zMéxico _zVeracruz |
| 650 | 1 | 3 |
_aAgribusiness _9158321 _zMexico _zVeracruz |
| 700 | 1 |
_aEspinoza Velázquez, Gabriel _9158323 _ecolaborador |
|
| 700 | 1 |
_aLicona Vargas, Atenógenes L. _966711 _ecoordinador |
|
| 901 | _aT.C.35 L53 IA 1985 | ||
| 902 | _aM | ||
| 905 | _a5332271985 mx an 8222223322spa15 | ||
| 942 | _2local | ||
| 942 | _cVE | ||
| 999 |
_c176257 _d176257 |
||